000 01109nam a22003257a 4500
001 BR8402671
003 BR-BrBNA
005 20230928091927.0
007 ta
008 230509b bl.||||| |||| 00| 0 por d
040 _aBR-BrBNA
_bpor
_cBiblioteca Nacional de Agricultura
041 _a(Por)
072 _aE10; E30; E70
_b/G514
090 _ E10 BR8402671
110 1 _aFundacao Centro Estadual de Planejamento Agricola, Salvador, BA (Brasil)
_94810
245 1 _aPlano municipal de agricultura. Baianopolis [Bahia, Brasil]
_bVersao preliminar
260 3 _aSalvador, BA (Brasil):
_c1984.
300 _a66 p.
500 _a21 tables; 7 Maps, scale 1:100.000; 9 ref. (*) Documento disponível na(o) Fundacao Centro Estadual de Planejamento Agricola, Salvador, BA (Brazil)
650 _aPLANEJAMENTO AGRICOLA
650 _aPOLITICA AGRICOLA
650 _aDESENVOLVIMENTO ECONOMICO
650 _aPROJETO DE DESENVOLVIMENTO
650 _aCOMERCIALIZACAO
650 _aESTRUTURA SOCIAL
650 _aEXTENSAO RURAL
650 _aBAHIA
909 _a202309
_bLucia
_c55
_dLucia Elande
942 _cBK
999 _c36241
_d36241